Board Games by Objective - Statistics

General Stats
  • This quiz has been taken 20 times
  • The average score is 15 of 20
Answer Stats
Hint Answer % Correct
Checkmate the opponent's king Chess
100%
Drop tokens to get 4 in a row Connect Four
100%
Bankrupt everyone else Monopoly
100%
Sink all of your opponent's boats Battleship
95%
Figure out the who, where, and what killed the victim in the mansion Clue
95%
Have 3 X's or O's in a row Tic-tac-toe
95%
Don't knock down the wooden tower Jenga
84%
Remove organs without touching the board Operation
84%
Get points by having certain number combinations of 5 dice Yahtzee
84%
Conquer all 42 territories Risk
79%
Criss-cross words by placing tiles to get the most points Scrabble
79%
Fill your 6-sided pie by answering questions Trivial Pursuit
79%
Guess the word being drawn Pictionary
74%
Roll a die to climb or fall through 100 spaces Chutes and Ladders
68%
Guess the word before the person gets executed Hangman
68%
Get all 4 pieces into your home space Sorry! / Ludo
58%
Have the most assets by the time your life ends The Game of Life
47%
Draw colored cards to reach the king's castle Candy Land
42%
Level up your character through various campaigns and sessions Dungeons & Dragons
42%
Guess all of the spymaster's words Codenames
11%
No matching quizzes found
Score Distribution
Percent of People with Each Score
Percentile by Number Answered
Your Score History
You have not taken this quiz